Normal view
MARC view
- Sturrock, Peter A
Entry Personal Name
001 - CONTROL NUMBER
- control field: 25756
003 - CONTROL NUMBER IDENTIFIER
- control field: IN-BhIIT
005 - DATE AND TIME OF LATEST TRANSACTION
- control field: 20250311172931.0
008 - FIXED-LENGTH DATA ELEMENTS
- fixed length control field: 250311|| aca||aabn | a|a d
040 ## - CATALOGING SOURCE
- Original cataloging agency: IN-BhIIT
- Transcribing agency: IN-BhIIT
100 ## - HEADING--PERSONAL NAME
- Personal name: Sturrock, Peter A
670 ## - SOURCE DATA FOUND
- Source citation: Work cat.: (IN-BhIIT)14801: Sturrock, Peter A. Author, Plasma physics :, 1994.